Statistics for Its been so long-The Living Tombstone lyrics

Click here to take the quiz!

General Stats

  • This quiz has been taken 68 times
  • The average score is 166 of 241

Answer Stats

Answer% Correct
I
100%
a
93%
be
93%
The
93%
the
93%
It
88%
it
88%
my
88%
so
88%
behind
86%
long
86%
this
86%
been
84%
Its
84%
since
84%
Since
84%
son
84%
To
84%
to
84%
Ive
81%
I've
81%
Leaving
79%
man
79%
of
79%
What
79%
what
79%
child
77%
don't
77%
know
77%
last
77%
slaughter
77%
thinking
77%
was
77%
And
74%
and
74%
gone
74%
I'm
74%
Im
74%
me
74%
monster
74%
Now
74%
now
74%
seen
74%
singing
74%
song
74%
stupid
74%
your
74%
Your
74%
all
72%
blind
72%
for
72%
mother
72%
you've
72%
is
70%
Is
70%
lost
70%
with
70%
With
70%
curse
67%
sanity
67%
suffer
67%
can't
63%
river
63%
forever
60%
guilt
60%
haunt
60%
in
60%
ponder
60%
at
58%
cliff
58%
end
58%
wait
58%
anger
56%
But
53%
could
53%
sadness
53%
avenge
51%
Coming
51%
revenge
51%
sweet
51%
myself
49%
Or
49%
seeking
49%
wish
49%
free
47%
own
47%
set
47%
smile
47%
someone
47%
sorry
47%
terrified
47%
wanna
47%
like
44%
memories
44%
pack
44%
paradox
44%
remember
44%
snakes
44%
temper
44%
before
42%
Before
42%
eyes
42%
future
42%
fuzzy
42%
happened
42%
have
42%
little
42%
mess
42%
puppet
42%
Stuck
42%
baby
40%
gift
40%
keep
40%
past
40%
there
40%
wont
40%
become
37%
killing
37%
Maybe
37%
mistakes
37%
should
37%
isn't
35%
Justification
35%
justified
35%
lived
35%
mind
35%
present
35%
stop
35%
Those
35%
chase
33%
keeps
33%
luring
33%
try
33%
they'll
30%
find
28%
getting
28%
lingers
28%
bigger
26%
thoughts
21%

Score Distribution

Percentile by Number Answered

Percent of People with Each Score

Your Score History

You have not taken this quiz